[Event "AUTO-OPEN-2513"]
[Site "http://www.queenalice.com/game.php?id=997556"]
[Date "2011.10.15"]
[Round "1"]
[White "odagovda"]
[Black "Descartes69"]
[Result "1-0"]
[WhiteElo "2058"]
[BlackElo "1876"]

1. Nf3 c5 2. g3 d6 3. Bg2 Nf6 4. O-O Nc6 5. c4 e5 6. Nc3 Be7 7. a3 Be6 8. d3 O-O
9. Rb1 a5 10. e3 d5 11. Ng5 Bg4 12. Qe1 d4 13. Nd5 1-0

[Event "AUTO-OPEN-2856"]
[Site "http://www.queenalice.com/game.php?id=1127925"]
[Date "2012.12.3"]
[Round "1"]
[White "vinoseco"]
[Black "Descartes69"]
[Result "1-0"]
[WhiteElo "1688"]
[BlackElo "1856"]

1. e4 d5 2. Nc3 d4 3. Nb1 e5 4. Bb5+ c6 5. Bc4 b5 6. Bd3 Nd7 7. Qh5 Ngf6 8. Qf3
Nc5 9. Ne2 Bd6 10. h3 O-O 11. b3 a5 12. g4 a4 13. b4 Nxd3+ 14. cxd3 Bxb4 15. a3
Bd6 16. g5 Nd7 17. Ng3 Nc5 18. Ra2 f5 19. exf5 Bxf5 20. Nxf5 Qxg5 21. h4 Qxf5
22. Qxf5 Rxf5 23. Rh3 Raf8 24. Rh2 Nxd3+ 25. Kd1 Nxc1 26. Kxc1 Rxf2 27. Rh3 e4
28. Rc2 c5 29. Kb2 c4 30. Ka1 Rf1 31. Rb2 1-0

[Event "AUTO-OPEN-2856"]
[Site "http://www.queenalice.com/game.php?id=1127926"]
[Date "2012.12.3"]
[Round "1"]
[White "Descartes69"]
[Black "vinoseco"]
[Result "1-0"]
[WhiteElo "1829"]
[BlackElo "1605"]

1. d4 Nf6 2. Nc3 e6 3. e4 Bb4 4. e5 Nd5 5. Qg4 O-O 6. Bh6 g6 7. Bxf8 Qxf8 8. Ne2
Qe7 9. a3 Bxc3+ 10. Nxc3 Nb6 11. Ne4 h6 12. h4 h5 13. Qg5 Qxg5 14. hxg5 Nd5 15.
c4 Ne7 16. Nf6+ Kg7 17. Ne8+ Kg8 18. Nxc7 1-0

[Event "AUTO-OPEN-2856"]
[Site "http://www.queenalice.com/game.php?id=1127953"]
[Date "2012.12.3"]
[Round "1"]
[White "attachui"]
[Black "Descartes69"]
[Result "1-0"]
[WhiteElo "2026"]
[BlackElo "1735"]

1. d4 Nf6 2. c4 e6 3. Nc3 Bb4 4. Qc2 O-O 5. Bg5 c5 6. Rd1 cxd4 7. Rxd4 Bc5 8.
Rh4 g6 9. Qd2 Be7 10. Rh3 h5 11. f3 d6 12. g4 hxg4 13. fxg4 Nxg4 14. Bh6 1-0

[Event "AUTO-OPEN-2856"]
[Site "http://www.queenalice.com/game.php?id=1127954"]
[Date "2012.12.3"]
[Round "1"]
[White "Descartes69"]
[Black "attachui"]
[Result "0-1"]
[WhiteElo "1731"]
[BlackElo "2030"]

1. d4 Nf6 2. c4 g6 3. Nc3 Bg7 4. e4 O-O 5. Be2 d6 6. Nf3 e5 7. dxe5 dxe5 8. O-O
Nc6 9. Bg5 h6 10. Qxd8 Rxd8 11. Bxf6 Bxf6 12. Nd5 Bg7 13. Nxc7 Rb8 14. h3 Nd4
0-1

[Event "AUTO-OPEN-2856"]
[Site "http://www.queenalice.com/game.php?id=1127971"]
[Date "2012.12.3"]
[Round "1"]
[White "Nacional_kid"]
[Black "Descartes69"]
[Result "1-0"]
[WhiteElo "1744"]
[BlackElo "1751"]

1. e4 c5 2. Bc4 e6 3. c3 d5 4. exd5 exd5 5. Bb5+ Bd7 6. Bxd7+ Nxd7 7. d3 Ngf6 8.
Be3 Bd6 9. Nd2 O-O 10. Ngf3 Ng4 11. O-O Qc7 12. g3 Nxe3 13. fxe3 Rae8 14. a4
Rxe3 15. Re1 Rxd3 16. Qc2 c4 17. b3 Nf6 18. bxc4 dxc4 19. Kg2 Ng4 20. Nf1 Qc6
21. Nd2 1-0

[Event "AUTO-OPEN-2856"]
[Site "http://www.queenalice.com/game.php?id=1127972"]
[Date "2012.12.3"]
[Round "1"]
[White "Descartes69"]
[Black "Nacional_kid"]
[Result "1-0"]
[WhiteElo "1844"]
[BlackElo "1777"]

1. e4 e5 2. Nf3 Qf6 3. Nc3 c6 4. d4 exd4 5. Bg5 Qd6 6. Nxd4 f6 7. Be3 Na6 8. Qf3
Ne7 9. O-O-O b5 10. Ndxb5 Qb8 11. Nd6+ Kd8 12. Nf7+ Ke8 13. Nxh8 Qb7 14. Bxa6
Qxa6 15. Qh5+ g6 16. Qxh7 d5 17. Qf7+ Kd7 18. Nxg6 1-0

[Event "AUTO-ADV-2694"]
[Site "http://www.queenalice.com/game.php?id=1128039"]
[Date "2012.12.3"]
[Round "1"]
[White "Corvidae"]
[Black "Descartes69"]
[Result "1-0"]
[WhiteElo "1790"]
[BlackElo "1847"]

1. Nf3 d5 2. d4 Nf6 3. g3 e6 4. Bg2 c5 5. e3 Nc6 6. O-O Bd6 7. Nc3 O-O 8. a3 b6
9. Ne2 Ba6 10. Re1 Rc8 11. Bf1 Qe7 12. Nc3 Bxf1 13. Kxf1 Rfd8 14. e4 1-0

[Event "AUTO-ADV-2694"]
[Site "http://www.queenalice.com/game.php?id=1128040"]
[Date "2012.12.3"]
[Round "1"]
[White "Descartes69"]
[Black "Corvidae"]
[Result "0-1"]
[WhiteElo "1867"]
[BlackElo "1770"]

1. d4 d5 2. Nc3 Nc6 3. e4 dxe4 4. d5 Ne5 5. Qd4 Ng6 6. Qxe4 Nf6 7. Qa4+ Nd7 8.
Nf3 e6 9. dxe6 fxe6 10. Bd3 c6 0-1

[Event "AUTO-ADV-2694"]
[Site "http://www.queenalice.com/game.php?id=1128051"]
[Date "2012.12.3"]
[Round "1"]
[White "balu"]
[Black "Descartes69"]
[Result "1-0"]
[WhiteElo "1632"]
[BlackElo "1822"]

1. e4 d5 2. e5 e6 3. d4 c5 4. c3 Nc6 5. Bb5 Bd7 6. Nf3 Nxe5 7. Na3 Nxf3+ 8. Qxf3
Bxb5 9. Nxb5 Qa5 10. a4 a6 11. Na3 cxd4 12. O-O dxc3 13. bxc3 Nf6 14. Nc2 Bd6
15. c4 dxc4 16. Qxb7 O-O 17. Nd4 Qe5 18. g3 Qxd4 19. Be3 Qd5 20. Qxd5 Nxd5 21.
Rac1 Nxe3 22. fxe3 Rac8 23. Rfd1 Bc5 24. Rxc4 Bxe3+ 25. Kg2 1-0

[Event "AUTO-ADV-2694"]
[Site "http://www.queenalice.com/game.php?id=1128052"]
[Date "2012.12.3"]
[Round "1"]
[White "Descartes69"]
[Black "balu"]
[Result "1-0"]
[WhiteElo "1836"]
[BlackElo "1640"]

1. c4 e5 2. Nc3 Nf6 3. g3 Bc5 4. Bg2 c6 5. Nf3 d5 6. Nxe5 dxc4 7. Nxc4 O-O 8.
O-O Bf5 9. d3 Nd5 10. Na4 Na6 11. e4 b5 12. Nxc5 Nxc5 13. Ne3 Nxe3 14. Bxe3 Nxd3
15. exf5 Nxb2 16. Qxd8 Raxd8 17. Bxc6 a6 18. Bc5 Nc4 19. Bxf8 Kxf8 20. Rad1 Nd2
21. Rfe1 Nf3+ 22. Bxf3 1-0

[Event "AUTO-ADV-2694"]
[Site "http://www.queenalice.com/game.php?id=1128057"]
[Date "2012.12.3"]
[Round "1"]
[White "Shydo"]
[Black "Descartes69"]
[Result "1-0"]
[WhiteElo "1640"]
[BlackElo "1772"]

1. e4 e6 2. d4 d5 3. e5 c5 4. c4 Nc6 5. dxc5 Nxe5 6. Nf3 Nxf3+ 7. Qxf3 Bxc5 8.
Bd3 Nf6 9. O-O O-O 10. Bg5 dxc4 11. Bxc4 h6 12. Bxf6 Qxf6 13. Qxf6 gxf6 14. Nc3
Bd7 15. a3 Rac8 16. Bb3 Bc6 17. Rad1 a6 18. Bc2 f5 19. b4 Be7 20. Ne2 Bb5 21.
Bd3 Ba4 22. Rc1 Bf6 23. g3 Bb2 24. Rxc8 Rxc8 25. Nf4 Bxa3 26. Ra1 1-0

[Event "AUTO-ADV-2694"]
[Site "http://www.queenalice.com/game.php?id=1128058"]
[Date "2012.12.3"]
[Round "1"]
[White "Descartes69"]
[Black "Shydo"]
[Result "1-0"]
[WhiteElo "1857"]
[BlackElo "1790"]

1. c4 c5 2. Nc3 Nc6 3. g3 g6 4. Bg2 Bg7 5. Nf3 Nf6 6. O-O O-O 7. d4 cxd4 8. Nxd4
e5 9. Ndb5 Re8 10. Bg5 a6 11. Nd6 Re6 12. Bh3 Re7 13. Nd5 Nxd5 14. cxd5 Nd4 15.
Nxc8 Rxc8 16. d6 f6 17. dxe7 Qxe7 18. Be3 Nc2 19. Rc1 Nxe3 20. Rxc8+ Kf7 21.
fxe3 Bh6 22. Qd5+ Kg7 23. Rg8# 1-0

[Event "AUTO-OPEN-2891"]
[Site "http://www.queenalice.com/game.php?id=1141971"]
[Date "2013.1.18"]
[Round "1"]
[White "holandes"]
[Black "Descartes69"]
[Result "1-0"]
[WhiteElo "1860"]
[BlackElo "1798"]

1. e4 d5 2. exd5 Nf6 3. Nc3 Nxd5 4. Bc4 Nb6 5. Bb3 g6 6. Qf3 e6 7. a3 Bg7 8. Ne4
Nc6 9. c3 Ne5 10. Qe3 O-O 11. h3 1-0

[Event "AUTO-OPEN-2891"]
[Site "http://www.queenalice.com/game.php?id=1141972"]
[Date "2013.1.18"]
[Round "1"]
[White "Descartes69"]
[Black "holandes"]
[Result "0-1"]
[WhiteElo "1784"]
[BlackElo "1874"]

1. c4 e5 2. Nc3 Bc5 3. g3 Nf6 4. Bg2 c6 5. d3 h6 6. Nf3 d6 7. O-O Qb6 8. Na4 Qa5
9. Nxc5 Qxc5 10. Be3 Qb4 0-1

[Event "AUTO-OPEN-2891"]
[Site "http://www.queenalice.com/game.php?id=1142000"]
[Date "2013.1.18"]
[Round "1"]
[White "Descartes69"]
[Black "Philchess"]
[Result "0-1"]
[WhiteElo "1703"]
[BlackElo "1557"]

1. c4 c5 2. Nc3 e6 3. Nf3 d6 4. d4 b6 5. Bg5 f6 6. Bh4 Nc6 7. d5 exd5 8. Nxd5
Bg4 9. e3 Nge7 10. Be2 g5 0-1

[Event "AUTO-OPEN-2891"]
[Site "http://www.queenalice.com/game.php?id=1142019"]
[Date "2013.1.18"]
[Round "1"]
[White "Descartes69"]
[Black "Ridigroll"]
[Result "0-1"]
[WhiteElo "1870"]
[BlackElo "1909"]

1. c4 e5 2. Nc3 Nc6 3. g3 b6 4. Bg2 Bb7 5. Nf3 f5 6. d3 Nf6 7. O-O g6 8. Bg5 Bg7
9. Nd5 O-O 10. Qd2 Rb8 0-1

[Event "AUTO-OPEN-2891"]
[Site "http://www.queenalice.com/game.php?id=1142020"]
[Date "2013.1.18"]
[Round "1"]
[White "Ridigroll"]
[Black "Descartes69"]
[Result "1-0"]
[WhiteElo "1951"]
[BlackElo "1833"]

1. e4 d5 2. exd5 Nf6 3. c4 e6 4. dxe6 Bxe6 5. d4 Bb4+ 6. Bd2 Qe7 7. Be2 Bxc4 8.
Qa4+ Nc6 9. Bxb4 Qxb4+ 10. Qxb4 Nxb4 11. Bxc4 Nc2+ 12. Kd2 1-0